Jurisprudencia constitucional
Guardat en:
| Autor corporatiu: | |
|---|---|
| Format: | Llibre |
| Idioma: | espanyol |
| Publicat: |
Santiago, Chile:
Tribunal Constitucional,
2004
|
| Matèries: | |
| Etiquetes: |
Afegir etiqueta
Sense etiquetes, Sigues el primer a etiquetar aquest registre!
|
MARC
| LEADER | 00000nam a2200000 a 4500 | ||
|---|---|---|---|
| 001 | UCK3534 | ||
| 003 | CL-VaPUC | ||
| 005 | 20250403152558.0 | ||
| 008 | 050429e20040000CL |||||||||||||||||spa|d | ||
| 999 | |c 312669 |d 312667 | ||
| 020 | |a 956818600X | ||
| 040 | |c Pontificia Universidad Católica de Valparaíso | ||
| 082 | 0 | 4 | |a 342.03 TRI 2004 |2 21 |
| 110 | 2 | |a Tribunal Constitucional de Chile |9 897882 | |
| 245 | 1 | 0 | |a Jurisprudencia constitucional |
| 260 | |a Santiago, Chile: |b Tribunal Constitucional, |c 2004 | ||
| 300 | |a 2 tomos. | ||
| 505 | |a t.VI: Sentencias pronunciadas entre 2002 y 2004, Roles N§s 347-413 t.VII: Sentencias pronunciadas entre 2006 y 2007. Roles Nos. 464-550 | ||
| 583 | |a last modification |c 20140512 12:31:12 |k Rodrigo Vera | ||
| 650 | 0 | |a Derecho constitucional chileno |9 478271 | |
| 650 | 0 | |a Jurisprudencia constitucional |x Sentencias |9 897894 | |
| 942 | |c BK |2 ddc | ||
| 945 | |d 20050429 00:00:00 |a cmena | ||
| 952 | |0 0 |1 0 |4 0 |6 342_030000000000000_TRI_2004 |7 0 |8 A |9 383293 |a BIBDER |b BIBDER |d 2019-11-21 |h t.VI |i 4112636 |l 1 |m 4 |o 342.03 TRI 2004 |p 4112636 |q 2025-12-31 |r 2020-03-16 |s 2020-03-16 |w 2019-11-21 |y BK |k DER | ||
| 952 | |0 0 |1 0 |4 0 |6 342_030000000000000_TRI_2004 |7 0 |8 A |9 383294 |a BIBDER |b BIBDER |d 2019-11-21 |h t.VIII |i 4659554 |o 342.03 TRI 2004 |p 4659554 |r 2023-01-25 |w 2019-11-21 |y BK |k DER | ||